1225 1015 1215 1536 1502 1440 1832 1824 1979 1926 1557 1120 1114 1389 1561 1407 1252 1053 1316 1839 1948 1122 1691 1289 1543 1424 1011 1414 1845 1303 1030 1191 1133 1750 1835 1268 1867 1563 1336 1228 1066 1979 1197 1204 1195 1447 1218 1508 1883 1802 1847 1500 1459 1271 1915 1675 1152 1059 1045 1391 1771 1467 1476 1341 1234 1076 1212 1795 1639 1467 1565 1534 1795 1066 1857 1082 1296 1616 1525 1131 1099 1840 1783 1984 1700 1975 1592 1983 1102 1228 1508 1586 1861 1577 1158 1144 1916 1570 1619 BCNSPRNW ULIB Ver.6.0+V

เปลี่ยนเป็นภาษาไทย

Change to English
 แสดงรายละเอียดบรรณานุกรม
  กลับหน้าหลัก

Brief Record : Get Marc (ISO 2709) : E-mail record : QR code < ปิดหน้าต่าง
LEADER : 00000nam 2200000uu 4500
001    13399108856
003     ULIB
008    110315s2544||||th 000 0 tha d
020    9742940827
060 04 W225.JT3^bน123น 2544
245 00 แนวทางการดำเนินงานหลักประกันสุขภาพถ้วนหน้าจังหวัดนครราชสีมา /^cสำเริง แหยงกระโทก บรรณาธิการ
260    [นครราชสีมา :^bสำนักงานสาธารณสุขจังหวัดนครราชสีมา], 2544
300    194 หน้า ;^c26 ซม.
650  7 ประกันสุขภาพ^zนครราชสีมา
700 0  สำเริง แหยงกระโทก,^eบรรณาธิการ
710 2  สำนักงานสาธารณสุขจังหวัดนครราชสีมา
945    ^p0^l0^i014320
995    ทศพร
999 ^a ใช้งานได้ทุกระบบ
รายการนี้ยังไม่มีแท็ก
คุณยังไม่ได้ล็อกอิน คุณสามารถมีกิจกรรมร่วมกับเว็บไซต์ได้ แต่ต้องล็อกอินก่อน ::
  ล็อกอิน

รายการสื่อสารสนเทศ

ลำดับที่ ประเภท เลขเรียก/บาร์โค้ด สถานที่ สถานะ
- ไม่พบข้อมูล -

BibComment


ยังไม่เคยถูกคอมเมนท์

คอมเมนท์ทรัพยากรรายการนี้
  คอมเมนท์: แนวทางการดำเนินงา..


 Copyright 2026. Bcnsprnw @Library